000 00413 a2200157 4500
005 20250424082340.0
020 _a0-07-039221-8
082 _a657.48 LYN
100 _aLYNCH, R. M.
245 _aAccounting for Management Planning and Control.
250 _a3rd Ed
260 _aNey York,
_bMcGraw- Hill,
_c1983.
300 _aXviii, 542p.: ill.;
_bIndex
_c24cm.
700 _aWILLAMSON, R. W.
942 _2ddc
_cBKS
999 _c1634
_d1634